The political economy of transition
| Titel: | The political economy of transition : international trade, factor market imperfections, and structural adjustment / Norbert Wunner |
|---|---|
| Verfasser: | |
| Ausgabe: | 1. Auflage |
| Veröffentlicht: | Wiesbaden : Dt. Univ.-Verlag, 2000 |
| Umfang: | XIII, 215 Seiten ; 21 cm |
| Format: | Buch |
| Sprache: | Englisch |
| Schriftenreihe/ mehrbändiges Werk: |
Gabler Edition Wissenschaft |
| Hochschulschrift: | Dissertation, Universität Konstanz, 1998 |
| RVK-Notation: | |
| ISBN: | 3824472422 |
| Hinweise zum Inhalt: |
Cover
|
alg: 9322837 001A $06000:23-08-00 001B $01999:06-03-26 $t12:19:15.000 001D $00043:31-10-00 001U $0utf8 001X $00 002@ $0Aau 002C $aText $btxt $2rdacontent 002D $aohne Hilfsmittel zu benutzen $bn $2rdamedia 002E $aBand $bnc $2rdacarrier 003@ $0093228376 003O $076171168 $aOCoLC 004A $03-8244-7242-2 $fkart. : DM 98.00, EUR 50.11, sfr 89.00, S 715.00 006G $095955520X 006T $000,N36,0254 006U $001,H02,0448 007A $095955520X $aDNB 007T $0Herdc0058212m 009P $qimage/jpeg $A2 $3Cover $uhttps://scans.hebis.de/HEBCGI/show.pl?09322837_cov.jpg $mV:DE-576;X:springer 010@ $aeng 011@ $a2000 013D $RWissenschaftliche Literatur $#Dissertations, Academic $#Thèses et écrits académiques $#Hochschulschrift $74113937-9 $8Hochschulschrift [Tsz] $9085338818 017A $asf 021A $aThe @political economy of transition $dinternational trade, factor market imperfections, and structural adjustment $hNorbert Wunner 028A $BVerfasser $#Wunner, N. $4aut $D20220215 $Ecgwrk $7171512855 $8Wunner, Norbert [Tp3] $9295634480 032@ $a1. Auflage 033A $pWiesbaden $nDt. Univ.-Verlag 034D $aXIII, 215 Seiten 034I $a21 cm 036G $aGabler Edition Wissenschaft 037C $dDissertation $eUniversität Konstanz $f1998 041A/80 $i10.4 $i10.2ab 041A/90 $hXA 044K $qDNB $REuropa $ROstblock $ROstmitteleuropa $#Europa, Ost $#Östliches Europa $#Central Europe Osteuropa $74075739-0 $8Osteuropa [Tg1] $9085214396 044K $qDNB $RWirtschaftssystem $RWirtschaftsplanung $#Central planning $#Planification économique $#Economia pianificata $#centrally planned economies $#Planwirtschaft $#Planwirtschaft $#Planerfüllung $#Staatswirtschaftsplan $#Staatliche Leitung (Volkswirtschaft) $#Planwirtschaft $#Zentrale Planwirtschaft $#Zentralgeleitete Planwirtschaft $#Zentralgeleitete Wirtschaft $#Zentralverwaltungswirtschaft $74046242-0 $8Planwirtschaft [Ts1] $9085129240 044K $qDNB $RSystemveränderung $#Systemtransformation $#Systemveränderung $#Systemtransformation $#Transformation Systemtransformation $74060633-8 $8Systemtransformation [Ts1] $9085168378 044K $qDNB $RWirtschaftsordnung $#Économie de marché $#market economies $#Marktwirtschaft $#Marktwirtschaft $#Marktwirtschaft $#Freie Marktwirtschaft $#Wettbewerbswirtschaft $#Verkehrswirtschaft Wirtschaftssystem $74037653-9 $8Marktwirtschaft [Ts1] $9085102857 045E $a17 $a16 045F $a330.09437 $eDDC23BSB 045F/01 $a330.09 045F/03 $g437 045Z $8QD 100 [Tkv] $9411124773 046X $aArchivierung/Langzeitarchivierung gewährleistet $5DE-43 $fPEHE lok: 9322837 11 exp: 9322837 11 1 #EPN 201B/01 $020-02-13 $t20:28:00.000 201C/01 $009-10-00 201U/01 $0utf8 203@/01 $0146771990 208@/01 $a31-10-00 $bz 209A/01 $a60 00 A 4997 $du $f100 $x00 209C/01 $aP-00-865 209G/01 $a82001840 $x00 247C/01 $8620100-3 <43>Wiesbaden, Hochschul- und Landesbibliothek RheinMain, Rheinstraße $9102599572 lok: 9322837 78 exp: 9322837 78 1 #EPN 201B/01 $019-04-17 $t14:57:16.000 201U/01 $0utf8 203@/01 $0791922197 208@/01 $a12-11-16 $be 209A/01 $a/ $f000 $x00 220C/01 $aTitelaufnehmer: pg 220C/01 $aHerkunft: HI Marburg 244Z/01 $2Trx $#Kesk- ja Ida- Euroopa kontseptsioonid $#Vidurio Europos koncepcijos $#East-Central Europe $#Keletközépeurópa-eszmék $#Europa Środkowo-Wschodnia koncepcje $#Európa stredovýchodná koncepcie $#Evropa střední, východní část koncepce $#Mitteleuropa $#Osteuropakonzeptionen $#Europa Środkowa koncepcje $#Stredná Európa koncepcie $#Střední Europa koncepce $8--Trx--Ostmitteleuropakonzeptionen $x01 $9391364286 244Z/01 $aGeschichte 1989-1998 $x02 244Z/01 $2Trx $#transformatsioon 1989- $#transformacijos 1989- $#transformation 1989- $#átalakítás 1989- $#transformacje ustrojowe 1989- $#transformácia 1989- $#transformace 1989- $8--Trx--Transformation$g1989- $x03 $9391366122 244Z/01 $2Trx $#turumajandus $#rinkos ūkis $#market economy $#piacgazdaság $#gospodarka rynkowa $#hospodárstvo tržné $#hospodářství tržní $8--Trx--Marktwirtschaft $x04 $939135566X 244Z/01 $2Trx $#majanduslikud suhted $#santykiai, ūkiniai $#relations, economic $#kapcsolatok, gazdasági $#stosunki gospodarcze $#vzťahy hospodárske $#vztahy hospodářské $#Außenhandel $#handel zagraniczny $#obchod zahraničný $#obchod zahraniční $8--Trx--Beziehungen, wirtschaftliche $x05 $9391355910 244Z/01 $2Trx $#kaubavahetus üldiselt $#prekyba bendras $#trade $#kereskedelem általános $#handel ogólnie $#obchod všeobecne $#obchod všeobecně $#Gewerbe $#remeslo, živnosť $8--Trx--Handel$gallgemein $x06 $9391373781 244Z/01 $2Trx $#majandus üldine $#ūkis bendras $#general economics $#gazdaság általános $#gospodarka ogólnie $#hospodárstvo všeobecne $#hospodářství všeobecně $8--Trx--Wirtschaft$gallgemein $x07 $9391362542 244Z/01 $2Trx $8--Trx--Monographie $x08 $9391384546 244Z/01 $2Trx $8--Trx--Hochschulschrift $x09 $9391384589 245Z/01 $a09.01 $x01 247C/01 $82080>Marburg/Lahn, Herder-Institut, Forschungsbibliothek, Bibliographieportal $9336309341 lok: 9322837 204 exp: 9322837 204 1 #EPN 201B/01 $017-05-19 $t03:53:27.000 201C/01 $003-09-07 201U/01 $0utf8 203@/01 $0508103088 208@/01 $a08-10-07 $bgl02 209A/01 $astorniert $f010 $x00 209A/01 $a010 QD 100 W965 $x07 209B/01 $a020Bur $x05 209B/01 $a020V4 $x06 220C/01 $anicht mehr lieferbar 247C/01 $8631010-2 <26/010>Gießen, Universität Gießen, Zweigbibliothek Recht und Wirtschaft $9102596751 247E/01 $an
| LEADER | 00000cam a2200000 c 4500 | ||
|---|---|---|---|
| 001 | 093228376 | ||
| 003 | DE-603 | ||
| 005 | 20260306121915.0 | ||
| 007 | tu | ||
| 008 | 000823s2000 xx |||| m u00||u|eng | ||
| 015 | |a 01,H02,0448 |z 00,N36,0254 |2 dnb | ||
| 016 | 7 | |2 DE-101 |a 95955520X | |
| 020 | |a 3824472422 |c kart. : DM 98.00, EUR 50.11, sfr 89.00, S 715.00 | ||
| 035 | |a (DE-599)DNB95955520X | ||
| 035 | |a (OCoLC)76171168 | ||
| 040 | |a DE-603 |b ger |c DE-603 |d DE-603 | ||
| 041 | |a eng | ||
| 043 | |c XA | ||
| 082 | 0 | 4 | |8 1\u |a 330.09437 |q DE-101 |2 23/BSB |
| 084 | |a 17 |a 16 |q DE-101 |2 sdnb | ||
| 084 | |a QD 100 |0 (DE-625)141284: |0 (DE-603)411124773 |2 rvk | ||
| 084 | |a 10.4 |a 10.2ab |q DE-101 |2 sdnb | ||
| 085 | |8 1\u |b 330.09 | ||
| 085 | |8 1\u |z 2 |s 437 | ||
| 090 | |a b | ||
| 100 | 1 | |a Wunner, Norbert |e Verfasser |4 aut |0 (DE-603)295634480 |0 (DE-588)171512855 |2 gnd | |
| 245 | 0 | 0 | |a The political economy of transition |b international trade, factor market imperfections, and structural adjustment |c Norbert Wunner |
| 250 | |a 1. Auflage | ||
| 264 | 1 | |a Wiesbaden |b Dt. Univ.-Verlag |c 2000 | |
| 300 | |a XIII, 215 Seiten |c 21 cm | ||
| 336 | |a Text |b txt |2 rdacontent | ||
| 337 | |a ohne Hilfsmittel zu benutzen |b n |2 rdamedia | ||
| 338 | |a Band |b nc |2 rdacarrier | ||
| 490 | 0 | |a Gabler Edition Wissenschaft | |
| 502 | |b Dissertation |c Universität Konstanz |d 1998 | ||
| 650 | 7 | |a Planwirtschaft |0 (DE-588)4046242-0 |0 (DE-603)085129240 |2 gnd | |
| 650 | 7 | |a Systemtransformation |0 (DE-588)4060633-8 |0 (DE-603)085168378 |2 gnd | |
| 650 | 7 | |a Marktwirtschaft |0 (DE-588)4037653-9 |0 (DE-603)085102857 |2 gnd | |
| 651 | 7 | |a Osteuropa |0 (DE-588)4075739-0 |0 (DE-603)085214396 |2 gnd | |
| 655 | 7 | |a Hochschulschrift |2 gnd-content |0 (DE-588)4113937-9 |0 (DE-603)085338818 | |
| 856 | 4 | 2 | |m V:DE-576;X:springer |q image/jpeg |u https://scans.hebis.de/HEBCGI/show.pl?09322837_cov.jpg |3 Cover |
| 924 | 0 | |9 43 |a (DE-603)146771990 |b DE-43 |c HES |d c |g 60 00 A 4997 | |
| 924 | 0 | |9 2080 |a (DE-603)791922197 |b DE-2080 |c HES |d d |g / | |
| 924 | 0 | |9 26/010 |a (DE-603)508103088 |b DE-26-010 |c HES |d c |g storniert | |


